Les éléments d'assemblage - Statistiques

Statistiques générales
  • Ce quiz a été pris 26 fois
  • Le résultat moyen est 2 sur 8
Statistiques - réponses
Par images Réponse % Correct
Ecrou
90%
Rondelle
62%
Vis à tête hexagonale (vis H)
24%
Goujon
14%
Vis à tête cylindrique hexagonale creuse (vis CHC)
14%
Anneau élastique d'extérieur (circlips pour arbre)
0%
Anneau élastique d'intérieur (circlips pour alésage)
0%
Goupille élastique (goupille Mécanindus)
0%
Aucun quiz correspondant
Distribution des résultats
% des personnes avec chaque résultat
Percentile par nombre de réponses
Votre historique - résultats
Vous n’avez pas pris ce quiz